Most Popular Sports in the world - Statistics

General Stats
  • This quiz has been taken 316 times
  • The average score is 7 of 10
Answer Stats
No# of
Fans
Answer % Correct
3,500,000,000 Football
100%
800.000.000 Basketball
94%
500.000.000 Baseball
86%
2,500,000,000 Cricket
85%
1,000,000,000 Tennis
80%
2,000,000,000 Hockey
72%
900.000.000 Volleyball
57%
450.000.000 Golf
54%
850.000.000 Table Tennis
47%
475.000.000 RUBGY
3%
No matching quizzes found
Score Distribution
Percent of People with Each Score
Percentile by Number Answered
Your Score History
You have not taken this quiz